[Event "Kalotturneringen"]
[Site "Hammerfest"]
[Date "2007.10.07"]
[Round "6"]
[White "Paulsen, Viktor"]
[Black "Johnsen, Kjell Magne"]
[Result "1/2-1/2"]
[WhiteElo "1797"]
[BlackElo "1922"]
[PlyCount "83"]
[EventDate "2007.10.05"]
[EventType "swiss"]
[EventRounds "7"]
[EventCountry "NOR"]
[SourceTitle "EXT 2010"]
[Source "ChessBase"]
[SourceDate "2010.11.25"]
[SourceVersion "1"]
[SourceVersionDate "2010.11.25"]
[SourceQuality "1"]

1. e4 g6 2. f4 Bg7 3. Nf3 d6 4. d4 Nf6 5. Bd3 c5 6. dxc5 Qa5+ 7. c3 Qxc5 8. Qe2 e5 9. Be3 Qc7 10. 0-0 0-0 11. Na3 a6 12. Rad1 Ng4 13. Bc1 b5 14. h3 Nf6 15. Be3 Nh5 16. Qd2 exf4 17. Bxf4 Nxf4 18. Qxf4 Nc6 19. Bb1 Ne5 20. Nc2 Nc4 21. b3 Ne5 22. Qd2 Rd8 23. Nb4 Bb7 24. Nd5 Qc5+ 25. Kh1 Bxd5 26. exd5 Rac8 27. Rc1 Nxf3 28. Rxf3 Re8 29. c4 bxc4 30. Qf4 Qc7 31. bxc4 Be5 32. Qd2 Rb8 33. Rb3 Qa7 34. Rf1 Qc5 35. Bd3 Qd4 36. Qf2 Qxf2 37. Rxf2 Kg7 38. g4 Rxb3 39. axb3 Rb8 40. Bc2 Bd4 41. Re2 Kf8 42. Kg2 1/2-1/2

[Event "Kalotturneringen"]
[Site "Hammerfest"]
[Date "2006.09.23"]
[Round "5"]
[White "Remman, Frank"]
[Black "Paulsen, Viktor"]
[Result "0-1"]
[WhiteElo "1745"]
[BlackElo "1747"]
[PlyCount "96"]
[EventDate "2006.09.22"]
[EventType "swiss"]
[EventRounds "7"]
[EventCountry "NOR"]
[SourceTitle "EXT 2007"]
[Source "ChessBase"]
[SourceDate "2006.11.23"]
[SourceVersion "1"]
[SourceVersionDate "2006.11.23"]
[SourceQuality "1"]

1. d4 d5 2. c4 e6 3. Nc3 Nf6 4. Nf3 c6 5. e3 Nbd7 6. Qc2 dxc4 7. Bxc4 b5 8. Be2 Bb7 9. 0-0 Be7 10. Rd1 a6 11. e4 Qc7 12. e5 Nd5 13. Nxd5 exd5 14. Bf4 Nf8 15. Rac1 Ne6 16. Bg3 Rc8 17. Qf5 Qb6 18. h4 h6 19. Qg4 c5 20. dxc5 Bxc5 21. Bd3 0-0 22. h5 Rfe8 23. Qf5 Nf8 24. Qg4 Rc6 25. Bf5 g6 26. hxg6 fxg6 27. Bc2 Bc8 28. Qh4 Kg7 29. Bb3 Be7 30. Rxc6 Qxc6 31. Qd4 Ne6 32. Qxd5 Qxd5 33. Bxd5 Nc5 34. b4 Na4 35. Bc6 Rf8 36. Rd4 Nc3 37. Rd2 Bxb4 38. Rc2 Bf5 39. Rb2 Bc5 40. Bb7 a5 41. Ba6 b4 42. Bc4 g5 43. Rd2 Ne4 44. Rd5 Be6 45. Rxc5 Nxc5 46. Bxe6 Nxe6 47. Nd2 Rc8 48. Kf1 Rc2 0-1

[Event "Kalotturneringen"]
[Site "Hammerfest"]
[Date "2006.09.22"]
[Round "1"]
[White "Luostarinen, Asmo"]
[Black "Paulsen, Viktor"]
[Result "0-1"]
[WhiteElo "982"]
[BlackElo "1747"]
[PlyCount "62"]
[EventDate "2006.09.22"]
[EventType "swiss"]
[EventRounds "7"]
[EventCountry "NOR"]
[SourceTitle "EXT 2007"]
[Source "ChessBase"]
[SourceDate "2006.11.23"]
[SourceVersion "1"]
[SourceVersionDate "2006.11.23"]
[SourceQuality "1"]

1. e4 c5 2. Nf3 g6 3. Nc3 Bg7 4. Be2 Nc6 5. d3 d6 6. Be3 f5 7. 0-0 Nf6 8. Qd2 e5 9. Bh6 0-0 10. Bxg7 Kxg7 11. exf5 Bxf5 12. Nh4 Be6 13. Nf3 Nd4 14. Nxd4 cxd4 15. Ne4 Rc8 16. f3 Nd5 17. Rac1 Ne3 18. Rf2 d5 19. Ng3 Qb6 20. c3 dxc3 21. bxc3 Ng4 22. d4 Nxf2 23. Kxf2 exd4 24. Kf1 dxc3 25. Rxc3 Rxc3 26. Qxc3+ d4 27. Qc2 Rc8 28. Qd2 Bc4 29. Bxc4 Rxc4 30. Ne4 Qb1+ 31. Qe1 Rc1 0-1

[Event "Kalotturneringen"]
[Site "Hammerfest"]
[Date "2006.09.22"]
[Round "2"]
[White "Paulsen, Viktor"]
[Black "Andreassen, Lars"]
[Result "1/2-1/2"]
[WhiteElo "1747"]
[BlackElo "2040"]
[PlyCount "51"]
[EventDate "2006.09.22"]
[EventType "swiss"]
[EventRounds "7"]
[EventCountry "NOR"]
[SourceTitle "EXT 2007"]
[Source "ChessBase"]
[SourceDate "2006.11.23"]
[SourceVersion "1"]
[SourceVersionDate "2006.11.23"]
[SourceQuality "1"]

1. e4 c5 2. c3 Nf6 3. e5 Nd5 4. d4 cxd4 5. cxd4 e6 6. Nc3 d6 7. Nf3 Nc6 8. Bb5 Nxc3 9. bxc3 Bd7 10. exd6 Bxd6 11. 0-0 Qa5 12. Qe2 0-0 13. Bb2 a6 14. Bd3 Qh5 15. Rfe1 Rad8 16. c4 Rfe8 17. g3 Nb4 18. Bb1 Bc6 19. Ne5 Qxe2 20. Rxe2 Bxe5 21. Rxe5 Bf3 22. Re3 Bh5 23. Be4 Nc6 24. d5 exd5 25. cxd5 Nb4 26. Rae1 1/2-1/2

[Event "Kalotturneringen"]
[Site "Hammerfest"]
[Date "2006.09.22"]
[Round "3"]
[White "Pedersen, Birger"]
[Black "Paulsen, Viktor"]
[Result "0-1"]
[WhiteElo "1248"]
[BlackElo "1747"]
[PlyCount "72"]
[EventDate "2006.09.22"]
[EventType "swiss"]
[EventRounds "7"]
[EventCountry "NOR"]
[SourceTitle "EXT 2007"]
[Source "ChessBase"]
[SourceDate "2006.11.23"]
[SourceVersion "1"]
[SourceVersionDate "2006.11.23"]
[SourceQuality "1"]

1. g3 d5 2. Bg2 Nf6 3. Nf3 c5 4. d3 Nc6 5. b3 Bg4 6. Nbd2 e6 7. Bb2 Rc8 8. Bxf6 Qxf6 9. 0-0 Be7 10. a3 Qc3 11. e4 0-0 12. h3 Bh5 13. g4 Bg6 14. Ra2 Rfd8 15. Qa1 Qa5 16. e5 Qc7 17. Re1 d4 18. Qd1 b5 19. Nf1 c4 20. Ng3 cxb3 21. cxb3 Qa5 22. Ree2 Bxa3 23. Nh4 Nb4 24. Nxg6 Nxa2 25. Rxa2 hxg6 26. Kh2 Qb4 27. Ne4 Bc1 28. Rxa7 Bf4+ 29. Ng3 Qc5 30. Rb7 Qxe5 31. h4 Rc3 32. Kh3 Bxg3 33. fxg3 Qe3 34. Qf1 f5 35. gxf5 gxf5 36. Qd1 Rxd3 0-1

[Event "Kalotturneringen"]
[Site "Hammerfest"]
[Date "2005.10.30"]
[Round "6"]
[White "Paulsen, Viktor"]
[Black "Laitamaa, Melker"]
[Result "1-0"]
[WhiteElo "1745"]
[BlackElo "1044"]
[PlyCount "67"]
[EventDate "2005.10.28"]
[EventType "swiss"]
[EventRounds "7"]
[EventCountry "NOR"]
[SourceTitle "EXT 2007"]
[Source "ChessBase"]
[SourceDate "2006.11.23"]
[SourceVersion "1"]
[SourceVersionDate "2006.11.23"]
[SourceQuality "1"]

1. e4 d5 2. e5 Nc6 3. d4 Bf5 4. c3 e6 5. Nd2 h5 6. Ndf3 Be7 7. Bb5 g5 8. h3 g4 9. hxg4 Bxg4 10. Be3 a6 11. Bxc6+ bxc6 12. Qd2 Rb8 13. Ng5 Rb7 14. Ne2 Qb8 15. b3 Rb5 16. f3 Bf5 17. g4 Bg6 18. gxh5 Rxh5 19. Rxh5 Bxh5 20. Kf2 c5 21. Rh1 Bg6 22. Rh8 Kd7 23. dxc5 Bxc5 24. Nf4 Bxe3+ 25. Qxe3 Qf8 26. Ngxe6 fxe6 27. Nxg6 Qg7 28. Rh7 Qxh7 29. Nf8+ Kc6 30. Nxh7 Ne7 31. Qh6 Kd7 32. Nf8+ Ke8 33. Nxe6 Rb6 34. Nxc7+ 1-0

[Event "NOR-chT"]
[Site "Karasjok"]
[Date "2005.10.08"]
[Round "3"]
[White "Larsen, Helge"]
[Black "Paulsen, Viktor"]
[Result "0-1"]
[WhiteElo "938"]
[BlackElo "1745"]
[PlyCount "59"]
[EventDate "2005.10.07"]
[EventType "team"]
[EventRounds "5"]
[EventCountry "NOR"]
[SourceTitle "EXT 2007"]
[Source "ChessBase"]
[SourceDate "2006.11.23"]
[SourceVersion "1"]
[SourceVersionDate "2006.11.23"]
[SourceQuality "1"]

1. e4 e5 2. d3 Nc6 3. Be3 d6 4. c4 f5 5. g3 Nf6 6. Bg2 Be7 7. Nc3 0-0 8. Nd5 Nxd5 9. cxd5 f4 10. Bd2 Nd4 11. Bc3 c5 12. dxc6 Nxc6 13. Bh3 Kh8 14. Bxc8 Rxc8 15. Ne2 Qd7 16. gxf4 exf4 17. Rg1 Ne5 18. Nd4 Qh3 19. Qe2 Nxd3+ 20. Kd2 Ne5 21. f3 Bf6 22. Qg2 Qd7 23. Ne2 d5 24. Rad1 dxe4+ 25. Ke1 Nxf3+ 26. Kf2 Bh4+ 27. Ng3 fxg3+ 28. hxg3 Nxg1+ 29. Kxg1 Qxd1+ 30. Kh2 0-1

[Event "Alta CC-ch"]
[Site "Alta"]
[Date "2004.01.13"]
[Round "1"]
[White "Henriksen, Ivar"]
[Black "Paulsen, Viktor"]
[Result "0-1"]
[WhiteElo "955"]
[BlackElo "1770"]
[PlyCount "29"]
[EventDate "2004.01.??"]
[EventType "swiss"]
[EventRounds "10"]
[EventCountry "NOR"]
[SourceTitle "EXT 2006"]
[Source "ChessBase"]
[SourceDate "2005.11.24"]
[SourceVersion "1"]
[SourceVersionDate "2005.11.24"]
[SourceQuality "1"]

1. e4 c5 2. Bc4 Nc6 3. a3 e6 4. Nc3 Nf6 5. d3 d5 6. exd5 exd5 7. Ba2 Be6 8. Bg5 Be7 9. Nf3 0-0 10. 0-0 h6 11. Bh4 g5 12. Bg3 Bg4 13. h3 Bh5 14. Re1 Nd4 15. Ne5 0-1

[Event "Alta Hostturnering"]
[Site "Alta"]
[Date "2003.10.14"]
[Round "7"]
[White "Talberg, Kristian"]
[Black "Paulsen, Viktor"]
[Result "0-1"]
[WhiteElo "1257"]
[BlackElo "1766"]
[PlyCount "106"]
[EventDate "2003.09.??"]
[EventType "swiss"]
[EventRounds "10"]
[EventCountry "NOR"]
[SourceTitle "EXT 2006"]
[Source "ChessBase"]
[SourceDate "2005.11.24"]
[SourceVersion "1"]
[SourceVersionDate "2005.11.24"]
[SourceQuality "1"]

1. d4 Nf6 2. g4 Nxg4 3. e4 d6 4. h3 Nf6 5. Nc3 g6 6. f4 c6 7. Nf3 Bg7 8. Be3 Qa5 9. Qd2 b5 10. Bd3 Bb7 11. a3 Nbd7 12. Rg1 a6 13. b4 Qc7 14. a4 e5 15. fxe5 dxe5 16. dxe5 Nxe5 17. Nxe5 Qxe5 18. Rg5 Qe6 19. Bc5 0-0-0 20. Qf4 Nh5 21. Qd2 f5 22. 0-0-0 Qe5 23. Kb2 Qxc3+ 24. Qxc3 Bxc3+ 25. Kxc3 fxe4 26. Be2 Rxd1 27. Bxd1 Nf4 28. Bg4+ Kd8 29. Bb6+ Ke7 30. Re5+ Kf7 31. Bc5 Re8 32. Rxe8 Kxe8 33. Kd4 h5 34. Kxe4 Nd5 35. Be6 Nc3+ 36. Ke5 bxa4 37. Kd4 Ne2+ 38. Ke3 Nc3 39. Kd3 Nb5 40. c4 Nc7 41. Bg8 Bc8 42. h4 Bf5+ 43. Kc3 Kd7 44. Be3 Ne8 45. c5 Nf6 46. Bc4 Nd5+ 47. Bxd5 cxd5 48. Bd4 Kc6 49. Be5 Kb5 50. Bd4 a3 51. Kb3 a2 52. Kxa2 Kxb4 53. c6 Kc4 0-1

[Event "Hammerfest op"]
[Site "Hammerfest"]
[Date "2003.09.20"]
[Round "4"]
[White "Paulsen, Viktor"]
[Black "Berglund, Jan Sigmund"]
[Result "0-1"]
[WhiteElo "1784"]
[BlackElo "1971"]
[PlyCount "72"]
[EventDate "2003.09.??"]
[EventType "swiss (rapid)"]
[EventRounds "7"]
[EventCountry "NOR"]
[SourceTitle "EXT 2005"]
[Source "ChessBase"]
[SourceDate "2004.11.15"]
[SourceVersion "1"]
[SourceVersionDate "2004.11.15"]
[SourceQuality "1"]

1. e4 e6 2. d4 d5 3. exd5 exd5 4. c4 Nf6 5. Nc3 Be7 6. Nf3 0-0 7. cxd5 Nxd5 8. Bc4 Nb6 9. Bb3 Bf6 10. 0-0 Bg4 11. Be3 Nc6 12. Ne2 Bxf3 13. gxf3 Nd5 14. Kh1 Re8 15. Qd2 Nce7 16. Ng3 c6 17. Rg1 Ng6 18. Rae1 Nh4 19. Bd1 Nxe3 20. fxe3 Qd5 21. Qf2 c5 22. dxc5 Qxa2 23. Re2 Qd5 24. e4 Qd4 25. Nh5 Ng6 26. Nxf6+ Qxf6 27. Qg3 Nf4 28. Rd2 Rad8 29. Rxd8 Rxd8 30. b4 g6 31. Re1 Rd2 32. e5 Qf5 33. Qg4 Qxg4 34. fxg4 Nd3 35. Rf1 Rxd1 36. Rxd1 Nf2+ 0-1

[Event "Hammerfest op"]
[Site "Hammerfest"]
[Date "2003.09.19"]
[Round "2"]
[White "Paulsen, Viktor"]
[Black "Feoktistov, Alexey A"]
[Result "0-1"]
[WhiteElo "1784"]
[BlackElo "2427"]
[PlyCount "59"]
[EventDate "2003.09.??"]
[EventType "swiss (rapid)"]
[EventRounds "7"]
[EventCountry "NOR"]
[SourceTitle "EXT 2005"]
[Source "ChessBase"]
[SourceDate "2004.11.15"]
[SourceVersion "1"]
[SourceVersionDate "2004.11.15"]
[SourceQuality "1"]

1. e4 Nf6 2. e5 Nd5 3. d4 d6 4. f4 Bf5 5. Bd3 Bxd3 6. Qxd3 Nc6 7. Nf3 dxe5 8. fxe5 Ndb4 9. Qe4 Nxd4 10. Na3 Nxf3+ 11. Qxf3 Qd5 12. Qxd5 Nxd5 13. 0-0 e6 14. Nc4 Bc5+ 15. Kh1 0-0 16. Bg5 h6 17. Bh4 b5 18. Na5 Ne3 19. Rf3 Nxc2 20. Rc1 Bb6 21. Nc6 Ne3 22. g4 Nxg4 23. Be7 Rfe8 24. Ba3 f5 25. exf6 Nxf6 26. b3 Nd5 27. Rcf1 Ne3 28. Re1 Nf5 29. Rd1 Kh7 30. Rd7 0-1